000 00810nam a2200229Ii 4500
003 JO-AjNU
008 230605s9999||||xx |||||||||||||| ||und||
017 _a2011/10825
020 _a978-977-5029-21-8
040 _aJO-AjNU
_bara
_erda
_cJO-AjNU
041 _aara
050 1 4 _aHF5686.B7 .Q72 2015
100 3 _aالقصبي، عبدالفتاح,
_eauthor
_951929
245 0 0 _aحساب كميات الاعمال الانشائية
250 _aط4
264 3 1 _aالقاهرة: دار الكتب العلمية للنشر والتوزيع، 2015
300 _a287ص
_bيحتوي على ببلوغرافية من 283-287ص
336 _atext
_btxt
_2rdacontent
337 _aunmediated
_bn
_2rdamedia
338 _avolume
_bnc
_2rdacarrier
650 4 _aحسابات إنشائية - مباني
_951930
999 _aA22973
_c26541
_d26541